000 00486pab a2200193 454500
008 180718b2008 xxu||||| |||| 00| 0 eng d
100 _aMelasen, Ariel R.
245 _aHow hurricanes affect wages and employment in local labor markets
260 _c2008
300 _ap.49-53.
362 _aMay
650 _aEmployment
650 _aWages
650 _aLabour market
700 _aPolachek, Solomon W.
773 _aAmerican Economic Review
908 _aN
909 _a78663
999 _c78663
_d78663